000 00644nam a22002177a 4500
003 DO-SdBNP
005 20240705073647.0
007 ta
008 201201b2012 dr p 00| 0 eng d
020 _a9781935400639
040 _aDO-SdBNP
_bspa
_cBNPHU
082 4 _aRD861.44
_bT266a
_222
100 1 _aHostos, Eugenio María de,
_d1839-1903
_91352
245 1 0 _aArmagedón el Dios asesinado /
_cDaniel Tejada.
260 _aEstados Unidos :
_bObsidiana Press,
_c2012.
300 _a75 p. ;
_c22 cm.
500 _aIncluye datos biográficos del autor en la contracubierta.
590 _aInventariado, 2020 /LP
910 _aL/P
942 _2ddc
_cLBS1
999 _c49223
_d49223